000 00281nam a2200121Ia 4500
008 190216s9999||||xx |||||||||||||| ||und||
100 _aShakespere
245 4 _aThe Winter`S Tale
260 _bCambridge Uty Press
_c1968
300 _a206p
650 _aEnglish Drama
942 _cBK
999 _c12430
_d12430